The day of the Jackal (Record no. 9453)

MARC details
000 -CABECERA
campo de control de longitud fija 00613nam a2200229 a 4500
001 - NÚMERO DE CONTROL
campo de control BRL_641
005 - FECHA Y HORA DE LA ÚLTIMA TRANSACCIÓN
campo de control 20190320210831.0
008 - DATOS DE LONGITUD FIJA--INFORMACIÓN GENERAL
campo de control de longitud fija 170913s1972----nyu#######---#000-1#eng-#
041 ## - CÓDIGO DE LENGUA
Código de lengua del texto/banda sonora o título independiente eng
044 ## - CÓDIGO DEL PAÍS DE LA ENTIDAD EDITORA/PRODUCTORA
Código MARC del país nyu
050 #4 - SIGNATURA TOPOGRÁFICA DE LA BIBLIOTECA DEL CONGRESO
Número de clasificación PR6056.O699
Número de documento/Ítem .F67 1972
100 1# - ENTRADA PRINCIPAL--NOMBRE DE PERSONA
Nombre de persona Forsyth, Frederick
9 (RLIN) 24497
245 10 - MENCIÓN DE TÍTULO
Título The day of the Jackal
Mención de responsabilidad, etc. Frederick Forsyth.
260 ## - PUBLICACIÓN, DISTRIBUCIÓN, ETC.
Lugar de publicación, distribución, etc. New York
Nombre del editor, distribuidor, etc. Bantam Books
Fecha de publicación, distribución, etc. 1972
300 ## - DESCRIPCIÓN FÍSICA
Extensión 495 p.
Dimensiones 18 cm.
500 ## - NOTA GENERAL
Nota general Au695
650 14 - PUNTO DE ACCESO ADICIONAL DE MATERIA--TÉRMINO DE MATERIA
Término de materia o nombre geográfico como elemento de entrada Literatura inglesa
Subdivisión de forma Novela
9 (RLIN) 24498
650 14 - PUNTO DE ACCESO ADICIONAL DE MATERIA--TÉRMINO DE MATERIA
Término de materia o nombre geográfico como elemento de entrada Novela policiaca
9 (RLIN) 23905
650 14 - PUNTO DE ACCESO ADICIONAL DE MATERIA--TÉRMINO DE MATERIA
Término de materia o nombre geográfico como elemento de entrada Espias
Subdivisión general Ciencia-Ficción
9 (RLIN) 24499
902 ## - CATALOGADOR
Iniciales GRL
942 ## - ELEMENTOS DE PUNTO DE ACCESO ADICIONAL (KOHA)
Fuente del sistema de clasificación o colocación Library of Congress Classification
Tipo de ítem Koha Libros
Holdings
Estado de retiro Estado de pérdida Estado dañado No para préstamo Localización permanente Ubicación/localización actual Fecha de adquisición Número de inventario Total de préstamos Signatura topográfica completa Código de barras Fecha visto por última vez Precio válido a partir de Tipo de ítem Koha
El ejemplar forma parte de la colección y puede ser consultado según las políticas vigentes.       Biblioteca Centro de Estudios Ruth D. Lechuga Biblioteca Centro de Estudios Ruth D. Lechuga 17/09/2013 Au695   PR6056.O699 .F67 1972 (Au695) GRL00709 22/03/2019 22/03/2019 Libros